| 000 | 00484nam a2200169 i 4500 | ||
|---|---|---|---|
| 001 | 79292 | ||
| 003 | ES-MaACL | ||
| 005 | 20251004063125.0 | ||
| 007 | t| | ||
| 008 | 041020s1919 fr ||||1| fre d | ||
| 100 | 1 |
_aHenriot, Émile, _d1889-1961 _962578 |
|
| 245 | 1 | 3 |
_aLe diable a l'hotel ou Les plaisirs imaginaires / _cEmile Henriot. |
| 260 |
_aParis : _b[s.n.], _c1919 ( _fChaix) |
||
| 300 |
_a303 p. ; _c19 cm. |
||
| 852 |
_aES-MaACL _jF-10341 |
||
| 999 |
_c79292 _d79292 |
||